01715nam a2200373 a 4500001001200000003000800012006001900020007001500039008004100054010001700095020003600112020002700148040002100175035002100196043001200217050002100229082002200250100001900272245013100291246005400422260003600476300002500512504005100537505027300588533015200861600003801013610002301051650003501074650004101109655002901150710001701179856012601196999001901322ebr10516933CaPaEBRm u cr cn|||||||||100720s2011 nyua sb 001 0deng d z 2010030793 z9781433113161 (pbk. alk. paper) z9781453905173 (e-book) aCaPaEBRcCaPaEBR a(OCoLC)774287380 ae-uk-en14aNA5471.L7bH46eb04a726.609425/342221 aHendrix, John.10aArchitecture as cosmologyh[electronic resource] :bLincoln Cathedral and English Gothic architecture /cJohn Shannon Hendrix.30aLincoln Cathedral and English Gothic architecture aNew York :bPeter Lang,cc2011. axiii, 358 p. :bill. aIncludes bibliographical references and index.0 aPrecedents for the architecture of Lincoln Cathedral -- Interpretations of the architecture of Lincoln Cathedral, 1190-1250 -- The geometries of Robert Grosseteste and the architecture of Lincoln Cathedral -- Early English -- Decorated -- Curvilinear -- Perpendicular. aElectronic reproduction.bPalo Alto, Calif. :cebrary,d2012.nAvailable via World Wide Web.nAccess may be limited to ebrary affiliated libraries.10aGrosseteste, Robert,d1175?-1253.20aLincoln Cathedral. 0aArchitecture, GothiczEngland. 0aArchitecture and cosmologyzEngland. 7aElectronic books.2local2 aebrary, Inc.40uhttp://site.ebrary.com/lib/rucke/Doc?id=10516933zAn electronic book accessible through the World Wide Web; click to view c223863d223863